000 00525nam a2200193 a 4500
001 2287
005 20140414131946.0
008 000823s19uu xx 00 eng d
020 _a0-590-34302-5
050 _aTR 004
_bB37.1 1984
100 _aHanavan, Patricia Relf
245 _aBasic computing /
_cby Patricia Relf Hanavan.
250 _aTeacher's Edition
260 _aNew York :
_bScholastic,
_c1984.
300 _a61 p. ; cm.
440 _aA Scholastic Skills Book - A
650 _aComputers.
999 _c112691
_d112691